[Event "Ambalangoda Dhamso op 6th"]
[Site "Ambalangoda"]
[Date "2016.04.30"]
[Round "4"]
[White "Nirmalarajah, S."]
[Black "Fernando, JM Marlon P"]
[Result "0-1"]
[WhiteElo "1553"]
[BlackElo "1840"]
[PlyCount "99"]
[EventDate "2016.04.29"]
[EventType "swiss"]
[EventRounds "9"]
[EventCountry "SRI"]
[SourceTitle "EXT 2017"]
[Source "ChessBase"]
[SourceDate "2016.10.25"]
[SourceVersion "1"]
[SourceVersionDate "2016.10.25"]
[SourceQuality "1"]

1. e4 e6 2. d4 d5 3. exd5 exd5 4. Bd3 Bd6 5. c3 Nf6 6. Bg5 h6 7. Bh4 0-0 8. Ne2 c6 9. Nd2 Nbd7 10. Qc2 b6 11. 0-0-0 c5 12. g4 Re8 13. g5 hxg5 14. Bxg5 Nf8 15. dxc5 bxc5 16. Ng3 Ne6 17. h4 Bf4 18. Bb5 Rf8 19. Bxf6 Qxf6 20. Bc6 Nd4 21. cxd4 Qxc6 22. dxc5 Bg4 23. Nf5 Qf6 24. Ng3 Bxd1 25. Rxd1 Rfc8 26. Kb1 Rab8 27. Nb3 d4 28. Nh5 Qxh4 29. Nxf4 Qxf4 30. Rxd4 Qe5 31. Re4 Qf6 32. Rc4 Re8 33. a3 Re1+ 34. Ka2 Rf1 35. f4 Rxf4 36. Rxf4 Qxf4 37. Na5 Qe5 38. b4 Qd5+ 39. Qc4 Qd2+ 40. Kb3 Qd1+ 41. Qc2 Qd5+ 42. Qc4 Qf3+ 43. Qc3 Qf4 44. Qc2 Qe5 45. Qc3 Qc7 46. Nc4 Qxc5 47. Ne5 Qd5+ 48. Kb2 Re8 49. Nc4 Re2+ 50. Kb3 0-1